000 00555nam a2200229Ia 4500
003 OSt
005 20220918195525.0
006 a|||||r|||| 00| 0
007 ta
008 220917b |||||||| |||| 00| 0 eng d
024 _a85,180
037 _cTextual
040 _aARTS
_cARTS
_beng
041 _2eng
_aeng
082 _aSM95,55, K2
100 _aChoisy M
_990474
245 0 _aPsychoanalysis of the prostitute
260 _c1962
650 _aPSYCHOLOGY
942 _hSM95,55, K2
_cTEXL
_2CC
999 _c208894
_d208894